000 00654cam a2200205 4500
001 1141
005 20181127162748.0
008 980522s1997 enkab b 001 0 eng
010 _a 98153668
020 _a0415145147 (hbk.)
035 _9(DLC) 98153668
100 1 _aFarmer, Andrew.
245 1 0 _aManaging environmental pollution /
_cAndrew Farmer.
260 _aLondon ;
_aNew York :
_bRoutledge,
_c1997.
300 _axvii, 246 p. :
_bill., maps ;
_c26 cm.
440 0 _aRoutledge environmental management series
504 _aIncludes bibliographical references (p. 230-239) and index.
650 0 _aEnvironmental management.
650 0 _aPollution.
999 _c798
_d798